000 00543nam a2200205 a 4500
001 BRCA_7369
005 20190320205818.0
008 070313s1928----ag-a######---#000-0#eng-#
041 _aeng
050 4 _aGN434
_b.P39 1928
100 1 _aPayon, Joseph
_918211
245 1 0 _aThe art of feather work in ancient Mexico
_cJoseph Payon.
260 _as.l.
_c1928
300 _ap. 323-341
_bil.
500 _aEn: ´Mexican magazine´, vol. IV, no. 11, 1928
500 _aQ61
650 1 4 _aArte plumario
_918212
902 _aGFM
942 _2lcc
_cB
999 _c7045
_d7045